Advice for building owners of multi-storey multi-occupied residential buildings (Record no. 121221)
[ view plain ]
| 000 -LEADER | |
|---|---|
| fixed length control field | 01491nam a22002537a 4500 |
| 001 - CONTROL NUMBER | |
| control field | K121221 |
| 008 - FIXED-LENGTH DATA ELEMENTS--GENERAL INFORMATION | |
| fixed length control field | 160218b xxu||||| |||| 00| 0 eng d |
| 041 ## - LANGUAGE CODE | |
| Language code of text/sound track or separate title | eng |
| 110 ## - MAIN ENTRY--CORPORATE NAME | |
| Corporate author | Ministry of Housing, Communities and Local Government |
| 245 ## - TITLE STATEMENT | |
| Title | Advice for building owners of multi-storey multi-occupied residential buildings |
| 260 ## - PUBLICATION INFORMATION | |
| Place of publication | London |
| Publisher | MHCLG |
| Date | 2020 |
| 520 ## - ABSTRACT | |
| Abstract | Provides advice on the measures building owners of multi-story, multi-occupied residential buildings should take to ensure their buildings are safe. Looks at reviewing the safety of External Wall Systems, Aluminium Composite Material Panels, High Pressure Laminate Panels, Spandrel Panels, Balconies and External Wall Insultation systems with a render or brick-slip finish. Considers smoke control systems, fire doors, short-germ interim measures. Annex A looks a assessment of fire doors. Consolidates previous MHCLG advice notes. |
| 650 ## - KEYWORDS | |
| Keywords | External Wall Systems |
| 650 ## - KEYWORDS | |
| Keywords | Cladding |
| 650 ## - KEYWORDS | |
| Keywords | Aluminium Composite Material Panels |
| 650 ## - KEYWORDS | |
| Keywords | High Pressure Laminate Panels |
| 650 ## - KEYWORDS | |
| Keywords | Balconies |
| 650 ## - KEYWORDS | |
| Keywords | Smote Control |
| 650 ## - KEYWORDS | |
| Keywords | Fire doors |
| 651 ## - SUBJECT ADDED ENTRY--GEOGRAPHIC NAME | |
| Geographic name | United Kingdom 1973 |
| 690 ## - BROAD SUBJECT | |
| 9 (RLIN) | 6244 |
| Broad subject | Health and safety |
| 856 ## - ONLINE RESOURCE | |
| Uniform Resource Identifier | <a href="https://assets.publishing.service.gov.uk/government/uploads/system/uploads/attachment_data/file/869532/Building_safety_advice_for_building_owners_including_fire_doors_January_2020.pdf">https://assets.publishing.service.gov.uk/government/uploads/system/uploads/attachment_data/file/869532/Building_safety_advice_for_building_owners_including_fire_doors_January_2020.pdf</a> |
| Link text | View at assets.publishing.service.gov.uk |
| Public note | . |
| 942 ## - ADDED ENTRY ELEMENTS (KOHA) | |
| Suppress in OPAC | Do not suppress in OPAC |
| Lost status | Source of classification or shelving scheme | Damaged status | Not for loan | Home library | Current library | Shelving location | Date acquired | Total Checkouts | Date last seen | Price effective from | Koha item type |
|---|---|---|---|---|---|---|---|---|---|---|---|
| Dewey Decimal Classification | Virtual | Virtual | Online | 03/03/2020 | 03/03/2020 | 03/03/2020 | Online material |